Statistics for 2021 Cricket World Cup Squads

Click here to take the quiz!

General Stats

  • This quiz has been taken 41 times
  • The average score is 107 of 240

Answer Stats

Answer% Correct
Rohit Sharma
97%
Craig Williams
94%
David Warner
94%
Kane Williamson (c)
94%
JJ Smit
91%
Virat Kohli (c)
91%
Ayaan Khan
88%
Bilal Khan
88%
Rashid Khan
88%
Shadab Khan
88%
Trent Boult
88%
Mitchell Starc
85%
Aaron Finch (c)
82%
Moeen Ali
82%
Pat Cummins
82%
Asif Ali
79%
Haider Ali
79%
Hasan Ali
79%
Jasprit Bumrah
79%
Jos Buttler
79%
Kagiso Rabada
79%
Khawar Ali
79%
Mitchell Marsh
79%
Steve Smith
79%
Tim Southee
79%
Babar Azam (c)
76%
Mohammed Shami
76%
Adil Rashid
74%
Chris Woakes
74%
Adam Zampa
71%
Fayyaz Butt
71%
Glenn Maxwell
71%
Jason Roy
71%
Jonny Bairstow
71%
Mark Wood
71%
Martin Guptill
71%
Rishabh Pant
71%
Shakib Al Hasan
71%
Suryakumar Yadav
71%
Mohammad Rizwan
68%
Paul Stirling
68%
Quinton de Kock
68%
Ravichandaran Ashwin
68%
Ravindra Jadeja
68%
Shaheen Afridi
68%
Anrich Nortje
65%
Josh Hazlewood
65%
KL Rahul
65%
Marcus Stoinis
65%
Matthew Wade
65%
Mitchell Santner
65%
Temba Bavuma (c)
65%
Bhuvneshwar Kumar
62%
Eoin Morgan (c)
62%
Hardik Pandya
62%
Suraj Kumar
62%
Jatinder Singh
59%
Kieron Pollard (c)
59%
Lungi Ngidi
59%
Nasum Ahmed
59%
Sarfaraz Ahmed
59%
Simi Singh
59%
Taskin Ahmed
59%
Ish Sodhi
56%
Kane Richardson
56%
Keshav Maharaj
56%
Liam Livingstone
56%
Tabraiz Shamsi
56%
Aiden Markram
53%
Ashton Agar
53%
Chris Gayle
53%
David Miller
53%
Nicholas Pooran
53%
Rassie van der Dussen
53%
Tom Curran
53%
Zane Green
53%
Andrew Balbirnie (c)
50%
Devon Conway
50%
Hamid Hassan
50%
Haris Rauf
50%
Mark Adair
50%
Chris Jordan
47%
Daryl Mitchell
47%
George Dockrell
47%
Josh Inglis
47%
Mohammad Nabi (c)
47%
Nurul Hasan
47%
Andre Russell
44%
Asghar Afghan
44%
Chamika Karunaratne
44%
David Wiese
44%
Gulbadin Naib
44%
Imad Wasim
44%
Ishan Kishan
44%
James Neesham
44%
Liton Das
44%
Mahedi Hasan
44%
Mohammad Wasim Jr.
44%
Mustafizur Rahman
44%
Shoaib Malik
44%
Varun Chakravarthy
44%
Wanindu Hasaranga
44%
Adam Milne
41%
Assad Vala (c)
41%
David Willey
41%
Dawid Malan
41%
Dhananjaya de Silva
41%
Dwayne Bravo
41%
Fred Klaassen
41%
Gerhard Erasmus (c)
41%
Josh Little
41%
Lorcan Tucker
41%
Naveen-ul-Haq
41%
Rahmanullah Gurbaz
41%
Reeza Hendricks
41%
Roelof van der Merwe
41%
Avishka Fernando
38%
Ben Cooper
38%
Binura Fernando
38%
Craig Young
38%
Dasun Shanaka (c)
38%
Harry Tector
38%
Hiri Hiri
38%
Kevin O'Brien
38%
Kusal Perera
38%
Mahmudullah (c)
38%
Mark Watt
38%
Mitchell Swepson
38%
Mohammad Hafeez
38%
Mohammad Shahzad
38%
Mujeeb Ur Rahman
38%
Mushfiqur Rahim
38%
Najibullah Zadran
38%
Pathum Nissanka
38%
Sam Billings
38%
Dinesh Chandimal
35%
Fakhar Zaman
35%
Glenn Phillips
35%
Hamza Tahir
35%
Hashmatullah Shahidi
35%
Heinrich Klaasen
35%
Kyle Coetzer (c)
35%
Lendl Simmons
35%
Norman Vanua
35%
Pikky Ya France
35%
Ryan ten Doeschate
35%
Shoriful Islam
35%
Todd Astle
35%
Tony Ura
35%
Akeal Hosein
32%
Bhanuka Rajapaksa
32%
Calum MacLeod
32%
Charith Asalanka
32%
Curtis Campher
32%
Dushmantha Chameera
32%
Fareed Ahmad
32%
Gareth Delany
32%
Hazratullah Zazai
32%
Khurram Nawaz
32%
Kyle Jamieson
32%
Lega Siaka
32%
Maheesh Theekshana
32%
Mark Chapman
32%
Mohammad Nawaz
32%
Rahul Chahar
32%
Shardul Thakur
32%
Shimron Hetmyer
32%
Tymal Mills
32%
Afif Hossain
29%
Andy McBrine
29%
Chad Soper
29%
Dwaine Pretorius
29%
Max O'Dowd
29%
Mohammad Saifuddin
29%
Paul van Meekeren
29%
Pieter Seelaar (c)
29%
Richie Berrington
29%
Ruben Trumpelmann
29%
Safyaan Sharif
29%
Scott Edwards
29%
Shamim Hossain
29%
Soumya Sarkar
29%
Tim Seifert
29%
Zeeshan Maqsood (c)
29%
Akila Dananjaya
26%
Aqib Ilyas
26%
Bas de Leede
26%
Brad Wheal
26%
Charles Amini
26%
George Munsey
26%
Hayden Walsh Jr.
26%
Jan Frylinck
26%
Jan Nicol Loftie-Eaton
26%
Kabua Morea
26%
Kaleemullah
26%
Karim Janat
26%
Michael van Lingen
26%
Neil Rock
26%
Sandeep Goud
26%
Sese Bau
26%
Stephan Baard
26%
Stephan Myburgh
26%
Sufyan Mehmood
26%
Timm van der Gugten
26%
Bernard Scholtz
24%
Bjorn Fortuin
24%
Brandon Glover
24%
Craig Wallace
24%
Damien Ravu
24%
Gaudi Toka
24%
Jason Kila
24%
Kiplin Doriga
24%
Lahiru Kumara
24%
Logan van Beek
24%
Matthew Cross
24%
Michael Leask
24%
Michiel du Preez
24%
Mohammad Nadeem
24%
Mohammad Naim
24%
Naseem Khushi
24%
Nestor Dhamba
24%
Oshane Thomas
24%
Usman Ghani
24%
Andre Fletcher
21%
Ben Shikongo
21%
Chris Greaves
21%
Josh Davey
21%
Karl Birkenstock
21%
Nosaina Pokana
21%
Obed McCoy
21%
Wiaan Mulder
21%
Ben White
18%
Colin Ackermann
18%
Evin Lewis
18%
Ravi Rampaul
18%
Roston Chase
18%
Simon Atai
18%
Alasdair Evans
15%
Dylan Budge
12%
Philippe Boissevain
12%

Score Distribution

Percentile by Number Answered

Percent of People with Each Score

Your Score History

You have not taken this quiz